2025 Champions League Final Paris Saint-Germain - Inter Milan - Statistics

General Stats
  • This quiz has been taken 1,177 times
  • The average score is 25 of 34
Answer Stats
Player % Correct
Ousmane Dembélé
98%
Gianluigi Donnarumma
97%
Désiré Doué ²
96%
Achraf Hakimi ¹
95%
Vitinha
95%
Lautaro Martínez
94%
Marquinhos
94%
Nuno Mendes
93%
Khvicha Kvaratskhelia ¹
90%
Marcus Thuram
90%
Yann Sommer
90%
Alessandro Bastoni
88%
João Neves
87%
Nicolò Barella
87%
Fabián Ruiz
86%
Federico Dimarco
86%
Willian Pacho
86%
Luis Enrique
84%
Denzel Dumfries
82%
Francesco Acerbi
82%
Bradley Barcola
79%
Hakan Çalhanoğlu
76%
Simone Inzaghi
75%
Senny Mayulu ¹
64%
Henrikh Mkhitaryan
61%
Benjamin Pavard
49%
Warren Zaïre-Emery
47%
Gonçalo Ramos
46%
Yann Aurel Bisseck
44%
Matteo Darmian
43%
Lucas Hernandez
35%
Carlos Augusto
31%
Nicola Zalewski
21%
Kristjan Asllani
18%
No matching quizzes found
Score Distribution
Percent of People with Each Score
Percentile by Number Answered
Your Score History
You have not taken this quiz